书目信息 |
| 题名: |
建筑CAD
|
|
| 作者: | 巩宁平 编著 | |
| 分册: | ||
| 出版信息: | 北京 机械工业出版社 2008.03 |
|
| 页数: | 227页 | |
| 开本: | 26cm | |
| 丛书名: | ||
| 单 册: | ||
| 中图分类: | TU201 | |
| 科图分类: | ||
| 主题词: | 建筑设计 | |
| 电子资源: | ||
| ISBN: | 978-7-111-12135-0 | |
| 000 | 00663 nam 000253 | |
| 001 | 0100000407 | |
| 005 | 20120408133149.12 | |
| 010 | @a978-7-111-12135-0@dCNY24.00 | |
| 100 | @a20020103d2008 em y0chiy0121 ea | |
| 101 | @achi | |
| 102 | @aCN@b110000 | |
| 105 | @ay z 000yy | |
| 200 | 10 | @a建筑CAD@9jian zhu@f巩宁平等编著@Fgong ning ping den bian zhu |
| 205 | @a第3版 | |
| 210 | @a北京@c机械工业出版社@d2008.03 | |
| 215 | @a227页@d26cm | |
| 307 | @a978-7- | |
| 540 | @a建筑CAD | |
| 606 | @a建筑设计 | |
| 690 | @aTU201@v4 | |
| 701 | 0 | @a巩宁平@9gong ning ping@4编著 |
| 801 | @aCN@c20081117 | |
| 901 | @a000001 | |
| 905 | @b851437-9@dTU201@eG400=3@f3 | |
| 建筑CAD/巩宁平等编著.-第3版.-北京:机械工业出版社,2008.03 |
| 227页;26cm |
| ISBN 978-7-111-12135-0:CNY24.00 |
| ● |
| 相关链接 |
|
|
|
正题名:建筑CAD
索取号:TU201/G400=3
 
预约/预借
| 序号 | 登录号 | 条形码 | 馆藏地/架位号 | 状态 | 备注 |
| 1 | 485960 | 204859607 | 土木与交通工程学院资料室/ [索取号:TU201/G400=3] | 在馆 | |
| 2 | 851437 | 208514375 | 建筑库101/101建筑库 32排3列5层/ [索取号:TU201/G400=3] | 在馆 | |
| 3 | 851438 | 208514384 | 建筑库101/101建筑库 32排3列5层/ [索取号:TU201/G400=3] | 在馆 | |
| 4 | 851439 | 208514393 | 建筑与城市规划学院资料室/101建筑库 4排4列4层/ [索取号:TU201/G400=3] | 在馆 |